|
|
|
|
| LEADER |
00000cam a2200000 c 4500 |
| 001 |
1120807263 |
| 003 |
DE-627 |
| 005 |
20250120115232.0 |
| 007 |
tu |
| 008 |
960307s1961 gw ||||| 00| ||ger c |
| 035 |
|
|
|a (DE-627)1120807263
|
| 035 |
|
|
|a (DE-576)050807269
|
| 035 |
|
|
|a (DE-599)BSZ050807269
|
| 035 |
|
|
|a (OCoLC)8488373
|
| 035 |
|
|
|a (OCoLC)08488373
|
| 035 |
|
|
|a (DE-604)8077142942
|
| 040 |
|
|
|a DE-627
|b ger
|c DE-627
|e rda
|
| 041 |
|
|
|a ger
|
| 044 |
|
|
|c XA-DE
|
| 084 |
|
|
|a 0
|2 ssgn
|
| 245 |
0 |
0 |
|a Wohnungen des Todes
|b jüdisches Schicksal im Dritten Reich : Dokumente und Texte
|c zusammengestellt von Hermann Glaser und Harald Straube
|
| 264 |
|
1 |
|a Bamberg
|b c. c. buchners verlag
|c 1961
|
| 300 |
|
|
|a 186 Seiten
|c 20 cm
|
| 336 |
|
|
|a Text
|b txt
|2 rdacontent
|
| 337 |
|
|
|a ohne Hilfsmittel zu benutzen
|b n
|2 rdamedia
|
| 338 |
|
|
|a Band
|b nc
|2 rdacarrier
|
| 490 |
1 |
|
|a Texte
|v Band 7
|
| 500 |
|
|
|a Kurzbiographien und Quellennachweis: Seite 180-184
|
| 583 |
1 |
|
|a Archivierung/Langzeitarchivierung gewährleistet
|f SLG
|x XA-DE-BW
|z BfZ
|2 pdager
|5 DE-24
|
| 583 |
1 |
|
|a Archivierung/Langzeitarchivierung gewährleistet
|c 20211220
|f SLG
|x XA-DE-BW
|z Provenienz
|2 pdager
|5 DE-25
|
| 583 |
1 |
|
|a Massenentsäuert
|c 2019
|k DE-18
|2 pdager
|5 DE-H227
|
| 583 |
1 |
|
|a Massenentsäuert
|c 2021
|k DE-18
|2 pdager
|5 DE-H250
|
| 583 |
1 |
|
|a Archivierung/Langzeitarchivierung gewährleistet
|f SSG
|x XA-DE-BW
|2 pdager
|5 DE-21
|
| 583 |
1 |
|
|a Archivierung prüfen
|c 20240324
|f DE-4165
|z 1
|2 pdager
|
| 601 |
|
|
|a Wohnung
|
| 601 |
|
|
|a Dokument
|
| 601 |
|
|
|a Schicksal
|
| 655 |
|
7 |
|a Quelle
|0 (DE-588)4135952-5
|0 (DE-627)105661236
|0 (DE-576)209665084
|2 gnd-content
|
| 689 |
0 |
0 |
|d s
|0 (DE-588)4013021-6
|0 (DE-627)104682922
|0 (DE-576)208901639
|2 gnd
|a Drittes Reich
|
| 689 |
0 |
1 |
|d s
|0 (DE-588)4028814-6
|0 (DE-627)104427108
|0 (DE-576)208979603
|2 gnd
|a Judenverfolgung
|
| 689 |
0 |
|
|5 (DE-627)
|
| 700 |
1 |
|
|e ZusammenstellendeR
|0 (DE-588)115807497
|0 (DE-627)267891466
|0 (DE-576)161126200
|4 com
|a Glaser, Hermann
|d 1928-2018
|
| 700 |
1 |
|
|a Straube, Harald
|e ZusammenstellendeR
|4 com
|
| 830 |
|
0 |
|a Texte
|v Band 7
|9 7
|w (DE-627)525737588
|w (DE-576)002395649
|w (DE-600)2274465-4
|7 am
|
| 889 |
|
|
|w (DE-627)019056761
|
| 935 |
|
|
|a mteo
|
| 935 |
|
|
|i mdedup
|
| 936 |
r |
u |
|a BD 7100
|b Judenvernichtung (1933 - 1945)
|k Theologie und Religionswissenschaften
|k Judaistik
|k Religions- und Kulturgeschichte der Juden
|k 20. und 21. Jahrhundert (seit ca. 1930)
|k Judenvernichtung (1933 - 1945)
|0 (DE-627)1270654713
|0 (DE-576)200654713
|z Ungueltig
|
| 951 |
|
|
|a BO
|
| ELC |
|
|
|b 1
|
| ITA |
|
|
|a 1
|t 1
|
| LOK |
|
|
|0 000 xxxxxcx a22 zn 4500
|
| LOK |
|
|
|0 001 227667864X
|
| LOK |
|
|
|0 003 DE-627
|
| LOK |
|
|
|0 004 1120807263
|
| LOK |
|
|
|0 005 20040603000000
|
| LOK |
|
|
|0 008 040603||||||||||||||||ger|||||||
|
| LOK |
|
|
|0 040
|a DE-21
|c DE-627
|d DE-21
|
| LOK |
|
|
|0 852
|a DE-21
|
| LOK |
|
|
|0 852 1
|c 1 A 5923
|9 00
|
| LOK |
|
|
|0 935
|a konv
|
| LOK |
|
|
|0 939
|a 03-06-04
|b l01
|
| ORI |
|
|
|a SA-MARC-ixtheoa001.raw
|
| REL |
|
|
|a 1
|
| STA |
0 |
0 |
|a Jewish persecution,Jewish persecution,Jews,Pogrom,Jews,Third Reich,Third Reich,History,Germany,Drittes Reich,Germany
|
| STB |
0 |
0 |
|a Persécution des juifs,Persécution des juifs,Troisième Reich,Troisième Reich,Troisième Reich
|
| STC |
0 |
0 |
|a Persecución de los judíos,Persecución de los judíos,Tercero Reich,Tercero Reich,Tercero Reich
|
| STD |
0 |
0 |
|a Persecuzione degli Ebrei,Persecuzione degli Ebrei,Terzo Reich,Terzo Reich,Terzo Reich
|
| STE |
0 |
0 |
|a 第三帝国,迫害犹太人,迫害犹太人
|
| STF |
0 |
0 |
|a 第三帝國,迫害猶太人,迫害猶太人
|
| STG |
0 |
0 |
|a Perseguição dos judeus,Perseguição dos judeus,Terceiro Reich,Terceiro Reich,Terceiro Reich
|
| STH |
0 |
0 |
|a Преследование евреев (мотив),Преследование евреев,Третий рейх (понятие),Третий рейх (мотив),Третий рейх
|
| STI |
0 |
0 |
|a Διωγμός των Εβραίων (μοτίβο),Διωγμός των Εβραίων,Τρίτο Ράιχ (όρος),Τρίτο Ράιχ (μοτίβο),Τρίτο Ράιχ
|
| SUB |
|
|
|a REL
|
| SYG |
0 |
0 |
|a Deutschland , Juden
|
| TIM |
|
|
|a 100019330101_100019451231
|b Drittes Reich 1933-1945
|